<?xml version="1.0" encoding="UTF-8"?>
<record
    xmlns:xsi="http://www.w3.org/2001/XMLSchema-instance"
    xsi:schemaLocation="http://www.loc.gov/MARC21/slim http://www.loc.gov/standards/marcxml/schema/MARC21slim.xsd"
    xmlns="http://www.loc.gov/MARC21/slim">

  <leader>00968aam a2200253 a 4500</leader>
  <datafield tag="999" ind1=" " ind2=" ">
    <subfield code="c">19926</subfield>
    <subfield code="d">19926</subfield>
  </datafield>
  <controlfield tag="005">20181129124919.0</controlfield>
  <controlfield tag="008">170728s2017    fluabdo rb    000 0 eng d</controlfield>
  <datafield tag="020" ind1=" " ind2=" ">
    <subfield code="a">9781498729154</subfield>
  </datafield>
  <datafield tag="040" ind1=" " ind2=" ">
    <subfield code="a">YDX</subfield>
    <subfield code="c">YDX</subfield>
    <subfield code="d">Uk</subfield>
    <subfield code="d">CO-BoIAVH</subfield>
  </datafield>
  <datafield tag="041" ind1="0" ind2=" ">
    <subfield code="a">eng</subfield>
  </datafield>
  <datafield tag="044" ind1=" " ind2=" ">
    <subfield code="a">xxu</subfield>
  </datafield>
  <datafield tag="082" ind1="0" ind2="4">
    <subfield code="a">598.0723</subfield>
    <subfield code="b">E96s</subfield>
  </datafield>
  <datafield tag="245" ind1="0" ind2="4">
    <subfield code="a">The extended specimen :</subfield>
    <subfield code="b">emerging frontiers in collections-based ornithological research /</subfield>
    <subfield code="c">editado por Michael S. Webster.</subfield>
  </datafield>
  <datafield tag="260" ind1=" " ind2=" ">
    <subfield code="a">Boca Raton (EE.UU.) : </subfield>
    <subfield code="b">Taylor &amp; Francis,</subfield>
    <subfield code="c">2017.</subfield>
  </datafield>
  <datafield tag="300" ind1=" " ind2=" ">
    <subfield code="a">240 p&#xE1;ginas : </subfield>
    <subfield code="b">ilustraciones a color, mapas, tablas y fotograf&#xED;as a color ; </subfield>
    <subfield code="c">28 x 19 cm</subfield>
  </datafield>
  <datafield tag="490" ind1="0" ind2=" ">
    <subfield code="a">Studies in avian biology</subfield>
  </datafield>
  <datafield tag="504" ind1=" " ind2=" ">
    <subfield code="a">Incluye referencias bibliogr&#xE1;ficas.</subfield>
  </datafield>
  <datafield tag="650" ind1="2" ind2="6">
    <subfield code="a">Aves</subfield>
    <subfield code="x">Evoluci&#xF3;n</subfield>
  </datafield>
  <datafield tag="650" ind1="2" ind2="6">
    <subfield code="a">Aves</subfield>
    <subfield code="x">Ciencias biol&#xF3;gicas</subfield>
  </datafield>
  <datafield tag="650" ind1="2" ind2="6">
    <subfield code="a">Aves</subfield>
    <subfield code="x">Preservaci&#xF3;n</subfield>
  </datafield>
  <datafield tag="650" ind1="2" ind2="6">
    <subfield code="a">Aves</subfield>
    <subfield code="x">Investigaci&#xF3;n</subfield>
  </datafield>
  <datafield tag="700" ind1="1" ind2=" ">
    <subfield code="a">Webster, Michael S.</subfield>
    <subfield code="q">(Michael Stilson),</subfield>
    <subfield code="d">1960-</subfield>
    <subfield code="e">editor.</subfield>
  </datafield>
  <datafield tag="942" ind1=" " ind2=" ">
    <subfield code="2">ddc</subfield>
    <subfield code="c">LIBRO</subfield>
  </datafield>
  <datafield tag="952" ind1=" " ind2=" ">
    <subfield code="0">0</subfield>
    <subfield code="1">0</subfield>
    <subfield code="2">ddc</subfield>
    <subfield code="4">0</subfield>
    <subfield code="7">0</subfield>
    <subfield code="8">GENERAL</subfield>
    <subfield code="I">INV2017</subfield>
    <subfield code="a">Bogota</subfield>
    <subfield code="b">Bogota</subfield>
    <subfield code="d">2017-10-09</subfield>
    <subfield code="e">Instituto</subfield>
    <subfield code="g">39000.00</subfield>
    <subfield code="l">3</subfield>
    <subfield code="m">1</subfield>
    <subfield code="o">LB-598.0723 E96s</subfield>
    <subfield code="p">041764</subfield>
    <subfield code="r">2021-07-22 00:00:00</subfield>
    <subfield code="s">2021-07-22</subfield>
    <subfield code="t">Ej. 1</subfield>
    <subfield code="w">2017-10-09</subfield>
    <subfield code="x">Compra</subfield>
    <subfield code="y">LIBRO</subfield>
  </datafield>
</record>
